[Event "Villa Constitucion op"]
[Site "Villa Constitucion"]
[Date "2023.08.19"]
[Round "4"]
[White "Gemy Vargas, Jose Daniel"]
[Black "Ocampos, Ian Guido"]
[Result "0-1"]
[WhiteElo "2325"]
[BlackElo "2191"]
[PlyCount "84"]
[EventDate "2023.08.17"]
[EventType "swiss"]
[EventRounds "9"]
[EventCountry "ARG"]
[SourceTitle "EXT 2024"]
[Source "ChessBase"]
[SourceDate "2023.10.10"]
[SourceVersion "1"]
[SourceVersionDate "2023.10.10"]
[SourceQuality "1"]

1. Nf3 d5 2. g3 g6 3. c4 d4 4. b4 Bg7 5. Bb2 e5 6. e3 a5 7. b5 Bf5 8. d3 dxe3 9. fxe3 Nd7 10. Nh4 Nh6 11. Nxf5 Nxf5 12. Qe2 Qg5 13. Bh3 Nc5 14. Ba3 e4 15. Bxc5 Bxa1 16. Bxf5 exd3 17. Qxd3 Qxf5 18. Qxf5 gxf5 19. Rf1 0-0-0 20. Rxf5 Rhe8 21. Ke2 Re5 22. Rxe5 Bxe5 23. Nd2 Kd7 24. a4 Ke6 25. b6 Rc8 26. bxc7 Bxc7 27. Bd4 Bd6 28. Nb3 Rxc4 29. Nxa5 Rb4 30. Bc3 Rxa4 31. Nxb7 Be7 32. Na5 Ra3 33. Bd2 Kd5 34. e4+ Kxe4 35. Nc4 Ra2 36. Ke1 Kd4 37. Ne3 Kd3 38. Nf1 Ra1+ 39. Kf2 Bc5+ 40. Be3 Rxf1+ 41. Kxf1 Kxe3 42. Kg2 Bd6 0-1

[Event "Villa Constitucion op"]
[Site "Villa Constitucion"]
[Date "2023.08.19"]
[Round "5"]
[White "Ocampos, Ian Guido"]
[Black "Tristan, Leonardo"]
[Result "0-1"]
[WhiteElo "2191"]
[BlackElo "2526"]
[PlyCount "220"]
[EventDate "2023.08.17"]
[EventType "swiss"]
[EventRounds "9"]
[EventCountry "ARG"]
[SourceTitle "EXT 2024"]
[Source "ChessBase"]
[SourceDate "2023.10.10"]
[SourceVersion "1"]
[SourceVersionDate "2023.10.10"]
[SourceQuality "1"]

1. e4 e5 2. Nf3 Nf6 3. Nxe5 d6 4. Nf3 Nxe4 5. Bd3 Nf6 6. 0-0 Be7 7. Re1 0-0 8. Bf1 Re8 9. d4 d5 10. Bf4 Be6 11. Qd3 h6 12. Bxh6 Ne4 13. Bf4 Nc6 14. Ne5 Nxd4 15. Qxd4 Bc5 16. Rxe4 Bxd4 17. Rxd4 Qf6 18. Nf3 Bf5 19. Nbd2 c6 20. c3 Be4 21. Be3 c5 22. Ra4 Qc6 23. Ra5 b6 24. Bb5 Qb7 25. Ra6 Rad8 26. Nxe4 Rxe4 27. a4 d4 28. Rd1 Rg4 29. Kf1 Qc8 30. cxd4 Rxg2 31. Kxg2 Qg4+ 32. Kf1 Qxf3 33. Ke1 f5 34. Rxa7 f4 35. Bc4+ Kh8 36. Rf7 Re8 37. dxc5 Qh1+ 38. Ke2 Qe4 39. Bd5 Qe5 40. Rd2 fxe3 41. fxe3 Qxe3+ 42. Kd1 Qxc5 43. b3 Qg1+ 44. Kc2 Rc8+ 45. Kd3 Qb1+ 46. Kd4 Qa1+ 47. Kd3 Rd8 48. Kc2 Qe5 49. Bc4 Qe4+ 50. Bd3 Rc8+ 51. Kb2 Qb4 52. Rff2 Rd8 53. Kc2 Rc8+ 54. Kb2 Qd4+ 55. Ka2 Rd8 56. Rf3 g5 57. Rg2 g4 58. Rfg3 Rd7 59. Bf5 Rg7 60. Bxg4 Rg6 61. h3 Kg7 62. Rc2 Kh6 63. Rgc3 Rf6 64. Be2 Rf2 65. Bc4 Rd2 66. Kb2 Rd1 67. Be2 Rg1 68. h4 Rg3 69. h5 Re3 70. Bc4 Kxh5 71. b4 Kg5 72. Kb3 Rxc3+ 73. Rxc3 Qd1+ 74. Rc2 Qb1+ 75. Rb2 Qd1+ 76. Ka3 Qc1 77. Bb3 Qa1+ 78. Ba2 Qc1 79. Bb1 Kf4 80. Kb3 Qd1+ 81. Bc2 Qd5+ 82. Ka3 Qd4 83. a5 bxa5 84. b5 Qc5+ 85. Ka4 Qc3 86. Rb3 Qxc2 87. Ka3 Qc5+ 88. Ka4 Qb6 89. Rh3 Ke4 90. Rh4+ Kf5 91. Rc4 Ke5 92. Rc6 Qd8 93. Ra6 Kd5 94. Rc6 Ke5 95. Ra6 Kd4 96. Rc6 Kd3 97. Ra6 Kc3 98. Rc6+ Kb2 99. b6 Qd7 100. Kb5 a4 101. Kc5 a3 102. Rc7 Qd8 103. Rc6 a2 104. b7 a1Q 105. Rb6+ Qxb6+ 106. Kxb6 Qg1+ 107. Ka6 Qg3 108. Ka7 Qa3+ 109. Kb6 Qb4+ 110. Ka6 Kc3 0-1

[Event "Buenos Aires 9 July op 5th"]
[Site "Buenos Aires"]
[Date "2023.05.28"]
[Round "7"]
[White "Ocampos, Ian Guido"]
[Black "Perez Ponsa, Federico"]
[Result "1/2-1/2"]
[WhiteElo "2215"]
[BlackElo "2532"]
[PlyCount "26"]
[EventDate "2023.05.25"]
[EventType "swiss"]
[EventRounds "7"]
[EventCountry "ARG"]
[SourceTitle "CBM 214 Extra"]
[Source "ChessBase"]
[SourceDate "2023.07.31"]
[SourceVersion "1"]
[SourceVersionDate "2023.07.31"]
[SourceQuality "1"]

1. e4 c5 2. Nc3 d6 3. d4 cxd4 4. Qxd4 Nc6 5. Qd2 g6 6. b3 Bh6 7. f4 f5 8. Bb2 Nf6 9. 0-0-0 Rf8 10. Kb1 Qa5 11. Bb5 Bd7 12. exf5 gxf5 13. Nf3 0-0-0 1/2-1/2

[Event "ARG-ch sf 98th"]
[Site "Buenos Aires"]
[Date "2023.05.06"]
[Round "8"]
[White "Habiaga, Raul Adrian"]
[Black "Ocampos, Ian Guido"]
[Result "0-1"]
[WhiteElo "1934"]
[BlackElo "2211"]
[PlyCount "114"]
[EventDate "2023.04.29"]
[EventType "swiss"]
[EventRounds "9"]
[EventCountry "ARG"]
[SourceTitle "CBM 214 Extra"]
[Source "ChessBase"]
[SourceDate "2023.07.31"]
[SourceVersion "1"]
[SourceVersionDate "2023.07.31"]
[SourceQuality "1"]

1. e4 c5 2. Nf3 Nc6 3. d4 cxd4 4. Nxd4 e5 5. Nb5 d6 6. N1c3 a6 7. Na3 Be6 8. Be2 Be7 9. 0-0 Nf6 10. Bg5 b5 11. Bxf6 Bxf6 12. Nd5 Bg5 13. c3 0-0 14. Nc2 Ne7 15. a4 Bxd5 16. exd5 bxa4 17. Rxa4 a5 18. b4 axb4 19. Nxb4 Qd7 20. Ba6 Rfb8 21. Qa1 Qc7 22. c4 e4 23. Bb5 Rxa4 24. Qxa4 Rf8 25. Re1 f5 26. Nc6 Bd2 27. Rd1 e3 28. fxe3 Bxe3+ 29. Kh1 f4 30. Qc2 Nf5 31. Qe4 g6 32. Ba4 Qg7 33. Qe6+ Kh8 34. Bc2 Bc5 35. Bxf5 Rxf5 36. Rb1 Rf8 37. Qe4 g5 38. Rd1 g4 39. Nd4 f3 40. Nf5 Qg6 41. Ng3 Qxe4 42. Nxe4 f2 43. Ng3 Re8 44. Rf1 Re1 45. h3 h5 46. h4 Bd4 47. Kh2 Be3 48. c5 Bxc5 49. Rh1 Rg1 50. Nf1 Kg7 51. Ng3 Kg6 52. Nf1 Bd4 53. g3 Kf5 54. Nd2 Ke5 55. Nf1 Kxd5 56. Nd2 Be3 57. Nf1 Kd4 0-1

[Event "Puerto Iguazu Cataratas Cup"]
[Site "Puerto Iguazu"]
[Date "2022.08.13"]
[Round "2"]
[White "Maxit, Alfredo Javier"]
[Black "Ocampos, Ian Guido"]
[Result "0-1"]
[WhiteElo "1461"]
[BlackElo "2173"]
[PlyCount "30"]
[EventDate "2022.08.13"]
[EventType "swiss"]
[EventRounds "6"]
[EventCountry "ARG"]
[SourceTitle "CBM 209 Extra"]
[Source "ChessBase"]
[SourceDate "2022.09.30"]
[SourceVersion "1"]
[SourceVersionDate "2022.09.30"]
[SourceQuality "1"]

1. e4 c5 2. Nc3 a6 3. g3 b5 4. Bg2 Bb7 5. d3 e6 6. Nf3 d5 7. Nd2 h5 8. Nb3 d4 9. Ne2 h4 10. c3 Nc6 11. Bd2 Ne5 12. Qc2 h3 13. Bf1 c4 14. dxc4 d3 15. cxb5 Nf3+ 0-1

[Event "ARG-ch 96th"]
[Site "Buenos Aires"]
[Date "2022.06.12"]
[Round "11"]
[White "Ocampos, Ian Guido"]
[Black "Spata, German"]
[Result "1/2-1/2"]
[WhiteElo "2162"]
[BlackElo "2329"]
[PlyCount "120"]
[EventDate "2022.06.02"]
[EventType "swiss"]
[EventRounds "11"]
[EventCountry "ARG"]
[SourceTitle "EXT 2023"]
[Source "ChessBase"]
[SourceDate "2022.10.05"]
[SourceVersion "1"]
[SourceVersionDate "2022.10.05"]
[SourceQuality "1"]

1. e4 c6 2. d4 d5 3. e5 c5 4. dxc5 e6 5. Be3 Nd7 6. Nf3 Bxc5 7. Bxc5 Nxc5 8. Qd4 Qb6 9. a4 Ne7 10. a5 Qc7 11. Nbd2 0-0 12. Ra3 Nf5 13. Qb4 Bd7 14. Rc3 Rfc8 15. Nb3 b6 16. Bd3 Nxd3+ 17. cxd3 Qd8 18. 0-0 bxa5 19. Qa3 Rxc3 20. bxc3 Bb5 21. Rd1 a4 22. Nc5 Qe7 23. Qb4 Rc8 24. Qxb5 Qxc5 25. Qxa4 Qxc3 26. g4 Nh6 27. h3 a5 28. Kg2 f5 29. exf6 Qxf6 30. d4 Rf8 31. Rd3 Qg6 32. Ne5 Qe4+ 33. Rf3 g6 34. Kg3 Rxf3+ 35. Nxf3 Nf7 36. Qxa5 h6 37. Qa8+ Kg7 38. Qb7 Kf6 39. Qb8 g5 40. Qc7 Qd3 41. Qb8 Qe4 42. Kg2 h5 43. gxh5 g4 44. hxg4 Qxg4+ 45. Qg3 Qxh5 46. Kf1 Qf5 47. Ne1 Ng5 48. Nd3 Nf3 49. Nc5 Qb1+ 50. Kg2 Ne1+ 51. Kh2 Qh7+ 52. Kg1 Qg6 53. Nd7+ Kg7 54. Ne5 Qxg3+ 55. fxg3 Nc2 56. Nf3 Kf6 57. g4 Ne3 58. g5+ Kf5 59. Kf2 Nc2 60. Kg3 Nxd4 1/2-1/2

[Event "Mar del Plata op 51st"]
[Site "Mar del Plata"]
[Date "2022.04.13"]
[Round "6"]
[White "Flores, Diego"]
[Black "Ocampos, Ian Guido"]
[Result "1-0"]
[WhiteElo "2562"]
[BlackElo "2147"]
[PlyCount "85"]
[EventDate "2022.04.09"]
[EventType "swiss"]
[EventRounds "9"]
[EventCountry "ARG"]
[SourceTitle "CBM 208 Extra"]
[Source "ChessBase"]
[SourceDate "2022.07.31"]
[SourceVersion "1"]
[SourceVersionDate "2022.07.31"]
[SourceQuality "1"]

1. c4 g6 2. Nc3 Nf6 3. e4 e5 4. g3 Nc6 5. Bg2 Bg7 6. Nge2 d6 7. d3 a5 8. 0-0 Nd4 9. Nxd4 exd4 10. Nb5 Nd7 11. b3 h5 12. h3 Nc5 13. Bb2 Ne6 14. f4 c6 15. Na3 g5 16. f5 Nf8 17. c5 dxc5 18. f6 Bh6 19. Qxh5 Ng6 20. Bc1 Qc7 21. Bxg5 Bf8 22. Qf3 Ne5 23. Qe2 Bd6 24. Bf4 b5 25. Rac1 c4 26. bxc4 Bxa3 27. cxb5 Bxc1 28. Rxc1 c5 29. g4 Kd8 30. Qf2 Re8 31. Qg3 Rb8 32. g5 Rb6 33. g6 fxg6 34. f7 Qxf7 35. Bxe5 Rxb5 36. a4 Rb7 37. Rxc5 Qe6 38. Bf4 Ree7 39. Bg5 Ke8 40. Bxe7 Rxe7 41. Qb8 Kd8 42. e5 Qa6 43. Bc6 1-0